00453nam a2200145Ia 4500008004100000020001800041041000800059082001800067100002400085245010900109250000600218260006200224300001200286650000900298210716s2007 xx 000 0 und d a9788184042924 aeng a005.7525 MACM aMacdonald, Matthew. aAcces 2007 for staeters the missing manual: your best friend for answers.bYour best friend for answers. a1 aMumbaibShroff Publishers and Distributors Pvt Ltdc2007 axiv,377 aNone